| 000 | 01567nam0a2200301 4500 | ||
|---|---|---|---|
| 001 | RU\NLR\bibl\1175998 | ||
| 005 | 20260406145511.0 | ||
| 010 |
_a5-7390-0749-6 _bОлимп |
||
| 010 |
_a5-17-004930-7 _bАСТ |
||
| 010 |
_a5-271-00258-621 _95000 |
||
| 035 | _a(NLR Aleph) 001162649 | ||
| 090 |
_a1547337 _c1547337 |
||
| 100 | _a20080115d2001 |||y0rusy50 ca | ||
| 101 | 1 |
_arus _ceng |
|
| 102 | _aRU | ||
| 105 | _ay ||||||||| | ||
| 200 | 1 |
_aНад пропастью во ржи _eповести, рассказы _e[перевод с английского] _fДжером Д. Сэлинджер |
|
| 210 |
_aМосква _cАСТ [и др.] _d2001 |
||
| 215 |
_a683 с. _d21 |
||
| 225 | 1 | _aКнига на все времена | |
| 327 | 0 | _aСодерж.: повести: Над пропастью во ржи; Выше стропила, плотники; Рассказы: Повидайся с Эдди; Виноват, исправлюсь!; Душа несчастливой истории; Затянувшийся дебют Лоис Тэггетт; Неофициальный рапорт об одном пехотинце; Братья Вариони; По обоюдному согласию [и др.]; Современники о Дж. Сэлинджере | |
| 686 | _aШ6(7США)67-44{Лх1979-45} | ||
| 700 | 1 |
_4070 _8rus _7ca _aСэлинджер _bД. Д. _f1919-2010 _gДжером Дейвид _3RU\NLR\auth\774717 _9114694 |
|
| 801 | 0 |
_aRU _bNLR _c20080115 _gRCR |
|
| 801 | 1 |
_aRU _bNLR _c20080115 |
|
| 942 | _cBOOK | ||
| 980 | _aNB | ||